01006nam a22002177a 4500003000400000008004100004020001800045082002000063100002300083245009900106260007400205300001100279650003400290650004100324650003000365700001800395942001200413999001700425952017300442952017300615OSt260625b |||||||| |||| 00| 0 eng d a9789391734091 a632.40222bD49I aDevi , T.Prameela  aIIIustrative Morphology of Agriculturally Important Fungi/ by T.Prameela Devi and Deeba Kamil aNew Delhi:b International Books & Periodicals Supply Service, c2023 a262 p. aTechnology (Applied Sciences) aAgriculture and related technologies aFungal diseases of plants aKamil, Deeba  2ddccBK c52308d52308 00102ddc4070aRAUbRAUcGENd2026-06-25eToday & Tomorrow Printers and Publishers g4995.00l0o632.40222 D49Ip87551r2026-06-25w2026-01-29yBKkBill No. IN-00449  00102ddc4070aRAUbRAUcGENd2026-06-25eToday & Tomorrow Printers and Publishers g4995.00l0o632.40222 D49Ip87552r2026-06-25w2026-01-29yBKkBill No. IN-00449